US States With The Most Cubans - Statistics

General Stats
  • This quiz has been taken 126 times
  • The average score is 11 of 15
Answer Stats
# of Cubans State % Correct
1,528 Florida
98%
111 California
96%
78 New York
96%
86 Texas
93%
35 Georgia
89%
100 New Jersey
82%
27 North Carolina
75%
21 Virginia
71%
24 Illinois
69%
28 Pennsylvania
69%
16 Maryland
67%
19 Massachusetts
67%
33 Nevada
67%
16 Colorado
58%
26 Kentucky
37%
No matching quizzes found
Score Distribution
Percent of People with Each Score
Percentile by Number Answered
Your Score History
You have not taken this quiz